Los premios Pulitzer de novela : El cuarto mandamiento, El doctor Arrowsmith, El puente de San Luis Rey /

Na minha lista:
Detalhes bibliográficos
Autor principal: Tarkington, Booth (autor)
Outros Autores: Lewis, Sinclair (autor) (autor), Wilder, Thornton N. (autor) (autor), Baeza, Ricardo (traducción) (traducción)
Formato: Livro
Idioma:espanhol
Publicado em: Barcelona, España : Plaza y Janés, 1990, c1990
Colecção:(Grandes Premios Literarios)
Assuntos:
Tags: Adicionar Tag
Sem tags, seja o primeiro a adicionar uma tag!

MARC

LEADER 00000nam^a2200000^a^4500
001 000053554
005 20250521000000.0
009 20260310090436.814
020 |a 84-01-61301-9 
037 |a Acervo ITESO - Biblioteca 
041 |a ESP 
082 |a 808. 83  |b PRE V. 1 
100 |a Tarkington, Booth  |e (autor) 
240 1 5 |a [Los premios Pulitzer de novela] 
240 1 4 |a [El cuarto mandamiento] 
240 1 4 |a [El doctor Arrowsmith] 
240 1 4 |a [El puente de San Luis Rey] 
245 1 4 |a Los premios Pulitzer de novela :  |b El cuarto mandamiento, El doctor Arrowsmith, El puente de San Luis Rey /  |c B. Tarkington, S. Lewis, T.N. Wilder ; tr. por Fernando Santos, Carlos de Onís, Ricardo Baeza. 
264 4 |a Barcelona, España :  |b Plaza y Janés,  |c 1990, c1990 
300 |a 884 p. 
336 |a texto  |b txt  |2 rdacontenido 
337 |a sin mediación  |b n  |2 rdamedio 
338 |a volumen  |b nc  |2 rdasoporte 
440 1 |a (Grandes Premios Literarios) 
500 |a Traducción de: The Magnificent Ambersons 
500 |a Traducción de: Arrowsmith 
500 |a Traducción de: The Bridge of San Luis Rey 
586 |a Premio Pulitzer 1919, categoría Ficción 
586 |a Premio Pulitzer 1926, categoría Ficción (rechazado por el autor) 
586 |a Premio Pulitzer 1928, categoría Ficción 
586 |a Premio Nobel de Literatura 1930 
649 |a XX 
650 |a Médicos en la Literatura 
650 |a Clase Alta en la Literatura 
650 |a Clase Alta -  |z EUA -  |x Historia 
650 |a Novela Histórica 
650 |a Novela Norteamericana 
650 |a Literatura e Historia 
650 |a Literatura Norteamericana -  |y Siglo XX 
650 |a Celos 
650 |a Amor 
650 |a Relaciones Padres-Hijos 
650 |a Relaciones Familiares 
650 |a Herencia y Sucesión 
650 |a Puentes en la Literatura 
650 |a Desastres en la Literatura 
650 |a Destino y Fatalismo 
650 |a Medicina -  |x Prácticas Profesionales 
650 |a Industrialización -  |z EUA -  |x Historia 
650 |a Desarrollo Económico-Social -  |z EUA -  |x Historia 
650 |a Cambios Sociales y Culturales -  |z EUA -  |x Historia 
650 |a Indianápolis, EUA en la Literatura 
650 |a Indianápolis, EUA -  |x Historia -  |y Reconstrucción, 1865-1901 
650 |a Indianápolis, EUA -  |x Historia -  |y Siglo XIX 
650 |a EUA -  |x Historia -  |y Reconstrucción, 1865-1901 
650 |a EUA -  |x Historia -  |y Siglo XIX 
650 |a Perú en la Literatura 
650 |a Perú -  |x Historia -  |y Siglo XVIII 
650 |a Perú -  |x Historia -  |y Epoca Colonial, 1542-1824 
740 3 |a El cuarto mandamiento /  |c B. Tarkington ; tr. por Fernando Santos. 
740 3 |a El doctor Arrowsmith /  |c S. Lewis ; tr. por Carlos de Onís. 
740 3 |a El puente de San Luis Rey /  |c T.N. Wilder ; tr. por R. Baeza. 
700 |a Lewis, Sinclair  |e (autor) 
700 |a Wilder, Thornton N.  |e (autor) 
700 |a Baeza, Ricardo  |e (traducción) 
910 |a Fondo General 
920 |a Impresos - Libros 
930 |a Colección General 
940 |a Literatura 
905 |a 101 
901 |a 0500012093  |b IT1  |c LIT  |u 20250521 
902 |a https://opac.biblio.iteso.mx/vufind/Record/000053554